Searching Algorithms /

Hlavní autor: Wiedermann, Jiří, 1948-
Jazyk: Angličtina
Vydáno: Leipzig : Teubner, 1987
Vydání: 1. Aufl.
Edice: Teubner-Texte zur Mathematik
Témata:
Fyzický popis: 123 s.
Language note: Francouzské, německé a ruské resumé
Knihy
Uloženo v:
LEADER 01297nam a22003612a 4500
001 000189256
003 CZ BrMZK
005 20190725130004.0
007 ta
008 010907s1987 gw f eng d
040 |a BOA001  |b cze 
041 0 |a eng  |b fre  |b ger  |b rus 
072 7 |a 510  |x Obecné úvahy o matematice  |2 Konspekt  |9 13 
080 |a 510.5  |2 MRF 
080 |a (048.8)  |2 MRF 
100 1 |a Wiedermann, Jiří,  |d 1948-  |7 xx0003194  |4 aut 
245 1 0 |a Searching Algorithms /  |c Jiří Wiedermann 
250 |a 1. Aufl. 
260 |a Leipzig :  |b Teubner,  |c 1987 
300 |a 123 s. 
490 1 |a Teubner-Texte zur Mathematik ;  |v Bd. 99 
504 |a Obsahuje bibliografii 
546 |a Francouzské, německé a ruské resumé 
650 0 7 |a algoritmy  |7 ph114026  |2 czenas 
655 7 |a monografie  |7 fd132842  |2 czenas 
830 0 |a Teubner-Texte zur Mathematik 
910 |a BOA001  |b TK-0235.219  |b 2-0925.773  |b PK-0105.955 
920 |a 000190383 
920 |a 000168508 
990 |a BK 
996 7 |b 2619942031  |c 2-0925.773  |l MZK  |r Sklad / do 1 hodiny  |n 5  |w 000189256  |u 000020  |a 1  |e BOA001  |j MZK50  |s A 
996 7 |b 2629991282  |c TK-0235.219  |l MZK  |r Sklad / do 24 hodin  |n 2  |w 000189256  |u 000010  |a 1  |e BOA001  |j MZK50  |s A 
996 7 |b 3119942142  |c PK-0105.955  |l MZK  |r Sklad / do 1 hodiny  |n 5  |w 000189256  |u 000030  |a 1  |e BOA001  |j MZK50  |s A